| 000 | 00920nam a2200301 a 4500 | ||
|---|---|---|---|
| 008 | |||
| 020 | _a184184375X (hardback) | ||
| 040 |
_aNUST _cNUST |
||
| 049 | _aMAIN | ||
| 090 |
_aRC660 _bHEA |
||
| 245 | 1 | 0 |
_aHeart disease and diabetes/ _cedited by Miles Fisher. |
| 260 |
_aLondon : _bMartin Dunitz, _c2003. |
||
| 300 |
_ax, 326 pages : _billustrations ; _c24 cm. |
||
| 336 |
_atext _btxt _2rdacontent |
||
| 337 |
_aunmediated _bn _2rdamedia |
||
| 338 |
_avolume _bnc _2rdacarrier |
||
| 440 | _aAdvances in diabetes. | ||
| 500 | _aIncludes index. | ||
| 504 | _aIncludes bibliographical references. | ||
| 650 | 1 |
_aDiabetes _xComplications. |
|
| 650 |
_aHeart _xDiseases _vTreatment. |
||
| 650 | _aDiabetic angiopathies. | ||
| 650 |
_aHeart _xDiseases. |
||
| 907 |
_a.b10411112 _b15-10-21 _c15-10-21 |
||
| 003 | |||
| 005 | 20230120204325.0 | ||
| 942 |
_cBOOKS _kRC660 _mHEA |
||
| 999 |
_c121178 _d121178 |
||